00381nam a2200181Ia 4500003000900000008004100009040001300050040001300063041000800076100001600084245003700100250001500137260001100152260000900163300001100172300001000183490000600193IT-RoPAU120407s9999 xx 000 0 und d aIT-RoPAU cIT-RoPAU afra aMax Scheler aLe saint, le génie, le héros aGènève aAubier c1944 a194 p. c19 cm v1